Assessment of ageing high alumina cement concrete (Record no. 64823)

MARC details
000 -LEADER
fixed length control field 00737cam a2200205 4500
001 - CONTROL NUMBER
control field ABS62829
008 - FIXED-LENGTH DATA ELEMENTS--GENERAL INFORMATION
fixed length control field 000000n2000 000 0 eng u
035 ## - SYSTEM CONTROL NUMBER
System control number (Sirsi) u108588
100 ## - MAIN ENTRY--PERSONAL NAME
Personal name Dunster, A.
245 ## - TITLE STATEMENT
Title Assessment of ageing high alumina cement concrete
260 ## - PUBLICATION, DISTRIBUTION, ETC.
Date of publication, distribution, etc. 2000
490 ## - SERIES STATEMENT
Series statement Structural Survey
Volume/sequential designation 18(1) September 2000, 16-21(6)
520 ## - SUMMARY, ETC.
Summary, etc. Reviews the techniques available for assessing the characteristics and performance of high alumina cement concrete construction. Case study on typical pre-cast concrete beams. References.
590 ## - LOCAL NOTE (RLIN)
Local note ABS
650 ## - SUBJECT ADDED ENTRY--TOPICAL TERM
Topical term or geographic name entry element PERFORMANCE
650 ## - SUBJECT ADDED ENTRY--TOPICAL TERM
Topical term or geographic name entry element STRUCTURAL CONCRETE
650 ## - SUBJECT ADDED ENTRY--TOPICAL TERM
Topical term or geographic name entry element HIGH ALUMINA CEMENT
690 ## - LOCAL SUBJECT ADDED ENTRY--TOPICAL TERM (OCLC, RLIN)
Topical term or geographic name as entry element BUILT ENVIRONMENT-BUILDING MATERIALS
942 ## - ADDED ENTRY ELEMENTS (KOHA)
Suppress in OPAC 0
Holdings
Withdrawn status Lost status Source of classification or shelving scheme Damaged status Not for loan Home library Current library Shelving location Date acquired Total Checkouts Full call number Barcode Date last seen Copy number Price effective from Koha item type
    Dewey Decimal Classification     London London Journal article 03/10/2000   ABS62829 108588-1001 06/08/2019 1 06/08/2019 Journal article